<?xml version='1.0' encoding='UTF-8'?>
  <record xmlns="http://www.loc.gov/MARC21/slim">
    <leader>00000cam a2200000 i 4500</leader>
    <controlfield tag="001">ocm17360802</controlfield>
    <controlfield tag="003">OCoLC</controlfield>
    <controlfield tag="005">20250306052347.8</controlfield>
    <controlfield tag="008">880119s1469    it            001 0 lat c</controlfield>
    <datafield tag="010" ind1=" " ind2=" ">
      <subfield code="a">   73213163 </subfield>
    </datafield>
    <datafield tag="040" ind1=" " ind2=" ">
      <subfield code="a">ISB</subfield>
      <subfield code="b">eng</subfield>
      <subfield code="e">rda</subfield>
      <subfield code="e">dcrmr</subfield>
      <subfield code="c">ISB</subfield>
      <subfield code="d">OCLCG</subfield>
      <subfield code="d">OKU</subfield>
      <subfield code="d">OCLCQ</subfield>
      <subfield code="d">OCLCO</subfield>
      <subfield code="d">OCLCQ</subfield>
      <subfield code="d">OCLCF</subfield>
      <subfield code="d">RBN</subfield>
      <subfield code="d">OCL</subfield>
      <subfield code="d">OCLCA</subfield>
      <subfield code="d">UBY</subfield>
      <subfield code="d">OCLCO</subfield>
      <subfield code="d">OCLCL</subfield>
      <subfield code="d">QGJ</subfield>
    </datafield>
    <datafield tag="035" ind1=" " ind2=" ">
      <subfield code="a">(OCoLC)17360802</subfield>
    </datafield>
    <datafield tag="041" ind1="1" ind2=" ">
      <subfield code="a">lat</subfield>
      <subfield code="h">grc</subfield>
    </datafield>
    <datafield tag="042" ind1=" " ind2=" ">
      <subfield code="a">pcc</subfield>
    </datafield>
    <datafield tag="100" ind1="0" ind2=" ">
      <subfield code="a">Bēssariōn,</subfield>
      <subfield code="c">Cardinal,</subfield>
      <subfield code="d">1403-1472,</subfield>
      <subfield code="e">author.</subfield>
      <subfield code="4">aut</subfield>
      <subfield code="1">https://id.oclc.org/worldcat/entity/E39PBJvMwwwMTKfkQBVKFwwXBP</subfield>
    </datafield>
    <datafield tag="240" ind1="1" ind2="0">
      <subfield code="a">In calumniatorem Platonis</subfield>
    </datafield>
    <datafield tag="245" ind1="1" ind2="0">
      <subfield code="a">Bessarionis Cardinalis Sabini &amp; Patriarche Consta[n]tinopolitani capitula libri p[ri]mi aduersus calu[m]niatore[m] Plato[n]is incipiu[n]t feliciter.</subfield>
    </datafield>
    <datafield tag="246" ind1="3" ind2=" ">
      <subfield code="a">Bessarionis Cardinalis Sabini et Patriarchae Constantinopolitani capitula libri primi adversus calumniatorem Platonis incipiunt foeliciter</subfield>
    </datafield>
    <datafield tag="246" ind1="3" ind2=" ">
      <subfield code="a">Adversus calumniatorem Platonis</subfield>
    </datafield>
    <datafield tag="246" ind1="3" ind2=" ">
      <subfield code="a">Elenchoi tōn kata Platōnos blasphēmiōn. Latin</subfield>
    </datafield>
    <datafield tag="246" ind1="1" ind2=" ">
      <subfield code="i">Title according to ISTC:</subfield>
      <subfield code="a">Adversus calumniatorem Platonis. Add: Correctio librorum Platonis de legibus Georgio Trapezuntio interprete. De natura et arte</subfield>
    </datafield>
    <datafield tag="264" ind1=" " ind2="1">
      <subfield code="a">[Rome] :</subfield>
      <subfield code="b">Co[n]radus suueynheym, Arnoldus pa[n]nartzq[ue] magistri Rome impresserunt,</subfield>
      <subfield code="c">[before 28 August 1469]</subfield>
    </datafield>
    <datafield tag="300" ind1=" " ind2=" ">
      <subfield code="a">[468] pages ;</subfield>
      <subfield code="c">34 cm (folio)</subfield>
    </datafield>
    <datafield tag="336" ind1=" " ind2=" ">
      <subfield code="a">text</subfield>
      <subfield code="b">txt</subfield>
      <subfield code="2">rdacontent</subfield>
    </datafield>
    <datafield tag="337" ind1=" " ind2=" ">
      <subfield code="a">unmediated</subfield>
      <subfield code="b">n</subfield>
      <subfield code="2">rdamedia</subfield>
    </datafield>
    <datafield tag="338" ind1=" " ind2=" ">
      <subfield code="a">volume</subfield>
      <subfield code="b">nc</subfield>
      <subfield code="2">rdacarrier</subfield>
    </datafield>
    <datafield tag="340" ind1=" " ind2=" ">
      <subfield code="m">folio</subfield>
      <subfield code="2">rdabf</subfield>
    </datafield>
    <datafield tag="500" ind1=" " ind2=" ">
      <subfield code="a">Title from caption at beginning of the table of contents on [1] recto.</subfield>
    </datafield>
    <datafield tag="500" ind1=" " ind2=" ">
      <subfield code="a">Printing place and printers's names from verse colophon on leaf [24]₆ verso, which reads in full: Aspicis illustris lector quicunq[ue] libellos/ Si cupis artificum nomina nosse: lege. / Aspera ridebis cognomina teutona: forsan / Mitiget ars musis inscia uerba uirum. / Co[n]radus suueynheym: Arnoldus pa[n]nartzq[ue] magistri / Rome impresserunt talia multa simul. / Petrus cum fratre Francisco Maximus ambo / Huic operi aptatam contribuere domum.</subfield>
    </datafield>
    <datafield tag="500" ind1=" " ind2=" ">
      <subfield code="a">"Dated from mention in a letter of Georgius Trapezuntius to Bessarion  (J. Monfasani, Collectanea Trapezuntiana (Binghamton 1984), p. 165, sect. 14)"--ISTC.</subfield>
    </datafield>
    <datafield tag="500" ind1=" " ind2=" ">
      <subfield code="a">"For Nicolaus Perottus as the translator see John Monfasani, 'Bessarion Latinus', Rinascimento, 2nd ser., 21 (1981), 165-209. Book V is known elsewhere as 'De erroribus interpretis Legum Plantonis', book VI as 'De natura et arte'; see Monfasani 184; on the manuscript used for this edition, Venice, Biblioteca Marciana, Marc. lat. Z 228, see G. Lombardi, 'Dal manoscritto alla stampa', in Gutenberg e Roma: Le origine della stampa nella città dei papi (1467-1477), ed. M. Miglio and O. Rossini (Naples, 1997), 29-47, at 33-5."--Bod-inc.</subfield>
    </datafield>
    <datafield tag="500" ind1=" " ind2=" ">
      <subfield code="a">Collation: folio: [unsigned, 1⁸ 2⁶ 3-17¹⁰ 18¹² 19-20¹⁰ 21¹² 22¹⁰ 23⁸ 24⁸]; 234 leaves, unnumbered (first leaf and last two leaves blank).</subfield>
    </datafield>
    <datafield tag="500" ind1=" " ind2=" ">
      <subfield code="a">Spaces left blank for initials and headings.</subfield>
    </datafield>
    <datafield tag="500" ind1=" " ind2=" ">
      <subfield code="a">Contains index.</subfield>
    </datafield>
    <datafield tag="510" ind1="4" ind2=" ">
      <subfield code="a">Incunabula short title catalogue,</subfield>
      <subfield code="c">ib00518000</subfield>
      <subfield code="u">https://data.cerl.org/istc/ib00518000</subfield>
    </datafield>
    <datafield tag="510" ind1="4" ind2=" ">
      <subfield code="a">Gesamtkatalog der Wiegendrucke,</subfield>
      <subfield code="c">4183</subfield>
      <subfield code="u">https://www.gesamtkatalogderwiegendrucke.de/docs/GW04183.htm</subfield>
    </datafield>
    <datafield tag="510" ind1="4" ind2=" ">
      <subfield code="a">Goff, F.R. Incunabula in American libraries,</subfield>
      <subfield code="c">B-518</subfield>
    </datafield>
    <datafield tag="510" ind1="4" ind2=" ">
      <subfield code="a">Copinger, W.A. Supplement to Hain's Repertorium bibliographicum,</subfield>
      <subfield code="c">3004*</subfield>
    </datafield>
    <datafield tag="510" ind1="4" ind2=" ">
      <subfield code="a">Catalogue of books printed in the XVth century now in the British Museum,</subfield>
      <subfield code="c">IV, 7 (IB. 17126)</subfield>
    </datafield>
    <datafield tag="510" ind1="4" ind2=" ">
      <subfield code="a">Catalogue of books printed in the fifteenth century now in the Bodleian Library, Oxford,</subfield>
      <subfield code="c">B-235</subfield>
    </datafield>
    <datafield tag="510" ind1="4" ind2=" ">
      <subfield code="a">Catalogue of the fifteenth-century printed books in the University Library, Cambridge,</subfield>
      <subfield code="c">1359</subfield>
    </datafield>
    <datafield tag="510" ind1="4" ind2=" ">
      <subfield code="a">Catalogue of the fifteenth-century printed books in the Harvard University Library,</subfield>
      <subfield code="c">1286, 1287</subfield>
    </datafield>
    <datafield tag="510" ind1="4" ind2=" ">
      <subfield code="a">Bayerische Staatsbibliothek Inkunabelkatalog,</subfield>
      <subfield code="c">B-404</subfield>
    </datafield>
    <datafield tag="510" ind1="4" ind2=" ">
      <subfield code="a">Bibliothèque nationale (France). Catalogue des incunables,</subfield>
      <subfield code="c">B-357</subfield>
    </datafield>
    <datafield tag="510" ind1="4" ind2=" ">
      <subfield code="a">Incunabula in Dutch libraries,</subfield>
      <subfield code="c">806</subfield>
    </datafield>
    <datafield tag="510" ind1="4" ind2=" ">
      <subfield code="a">Polain, M.-L. Catalogue des livres imprimés au quinzième siècle des bibliothèques de Belgique,</subfield>
      <subfield code="c">634</subfield>
    </datafield>
    <datafield tag="510" ind1="4" ind2=" ">
      <subfield code="a">Proctor, R. Index to the early printed books in the British Museum,</subfield>
      <subfield code="c">3300</subfield>
    </datafield>
    <datafield tag="510" ind1="4" ind2=" ">
      <subfield code="a">Pollard, A.W. Catalogue of books mostly from the presses of the first printers ... collected by Rush C. Hawkins,</subfield>
      <subfield code="c">205</subfield>
    </datafield>
    <datafield tag="510" ind1="4" ind2=" ">
      <subfield code="a">Typenrepertorium der Wiegendrucke,</subfield>
      <subfield code="c">ma09647</subfield>
      <subfield code="u">https://tw.staatsbibliothek-berlin.de/ma09647</subfield>
    </datafield>
    <datafield tag="510" ind1="4" ind2=" ">
      <subfield code="a">Typenrepertorium der Wiegendrucke,</subfield>
      <subfield code="c">ma09648</subfield>
      <subfield code="u">https://tw.staatsbibliothek-berlin.de/ma09648</subfield>
    </datafield>
    <datafield tag="546" ind1=" " ind2=" ">
      <subfield code="a">Text in Latin, with portions in Greek.</subfield>
    </datafield>
    <datafield tag="546" ind1=" " ind2=" ">
      <subfield code="b">Typeface: 2:115R, 3:116Gr</subfield>
    </datafield>
    <datafield tag="600" ind1="0" ind2="0">
      <subfield code="a">George,</subfield>
      <subfield code="c">of Trebizond,</subfield>
      <subfield code="d">1396-1486.</subfield>
      <subfield code="t">Comparatio philosophorum Platonis et Aristotelis.</subfield>
    </datafield>
    <datafield tag="600" ind1="0" ind2="0">
      <subfield code="a">Plato</subfield>
      <subfield code="x">Criticism and interpretation.</subfield>
    </datafield>
    <datafield tag="600" ind1="0" ind2="0">
      <subfield code="a">George,</subfield>
      <subfield code="c">of Trebizond,</subfield>
      <subfield code="d">1396-1486</subfield>
      <subfield code="x">Criticism and interpretation.</subfield>
    </datafield>
    <datafield tag="600" ind1="0" ind2="7">
      <subfield code="a">George,</subfield>
      <subfield code="c">of Trebizond,</subfield>
      <subfield code="d">1396-1486</subfield>
      <subfield code="2">fast</subfield>
    </datafield>
    <datafield tag="600" ind1="0" ind2="7">
      <subfield code="a">Plato</subfield>
      <subfield code="2">fast</subfield>
    </datafield>
    <datafield tag="655" ind1=" " ind2="0">
      <subfield code="a">Incunabula</subfield>
      <subfield code="z">Italy</subfield>
      <subfield code="z">Rome</subfield>
      <subfield code="y">1469.</subfield>
    </datafield>
    <datafield tag="655" ind1=" " ind2="0">
      <subfield code="a">Incunabula.</subfield>
    </datafield>
    <datafield tag="655" ind1=" " ind2="7">
      <subfield code="a">Criticism, interpretation, etc.</subfield>
      <subfield code="2">fast</subfield>
    </datafield>
    <datafield tag="655" ind1=" " ind2="7">
      <subfield code="a">Incunabula</subfield>
      <subfield code="z">Italy</subfield>
      <subfield code="z">Rome</subfield>
      <subfield code="y">1469.</subfield>
      <subfield code="2">rbgenr</subfield>
    </datafield>
    <datafield tag="700" ind1="1" ind2=" ">
      <subfield code="a">Perotti, Niccolò,</subfield>
      <subfield code="d">1430-1480,</subfield>
      <subfield code="e">translator.</subfield>
      <subfield code="4">trl</subfield>
      <subfield code="1">https://id.oclc.org/worldcat/entity/E39PBJcKMxvFM8Jdp3PXVqcVmd</subfield>
    </datafield>
    <datafield tag="700" ind1="1" ind2=" ">
      <subfield code="a">Sweynheim, Konrad,</subfield>
      <subfield code="d">-1477,</subfield>
      <subfield code="e">printer.</subfield>
      <subfield code="4">prt</subfield>
      <subfield code="1">https://id.oclc.org/worldcat/entity/E39PBJhRFQH4Ch8V3fFCyrhWDq</subfield>
    </datafield>
    <datafield tag="700" ind1="1" ind2=" ">
      <subfield code="a">Pannartz, Arnold,</subfield>
      <subfield code="d">-approximately 1478,</subfield>
      <subfield code="e">printer.</subfield>
      <subfield code="4">prt</subfield>
      <subfield code="1">https://id.oclc.org/worldcat/entity/E39PBJjdb9hQfhYGjgMPGXvj4q</subfield>
    </datafield>
    <datafield tag="740" ind1="0" ind2="2">
      <subfield code="a">De erroribus interpretis Legum Plantonis.</subfield>
    </datafield>
    <datafield tag="740" ind1="0" ind2="2">
      <subfield code="a">De natura et arte.</subfield>
    </datafield>
    <datafield tag="752" ind1=" " ind2=" ">
      <subfield code="a">Italy</subfield>
      <subfield code="d">Rome.</subfield>
      <subfield code="e">publication place.</subfield>
      <subfield code="4">pup</subfield>
    </datafield>
    <datafield tag="758" ind1=" " ind2=" ">
      <subfield code="i">has work:</subfield>
      <subfield code="a">In calumniatorem Platonis (Text)</subfield>
      <subfield code="1">https://id.oclc.org/worldcat/entity/E39PCH4q4VgQP84FgM6jB8r9CP</subfield>
      <subfield code="4">https://id.oclc.org/worldcat/ontology/hasWork</subfield>
    </datafield>
    <datafield tag="776" ind1="0" ind2="8">
      <subfield code="i">Online version:</subfield>
      <subfield code="a">Bēssariōn, Cardinal, 1403-1472.</subfield>
      <subfield code="s">In calumniatorem Platonis.</subfield>
      <subfield code="t">Bessarionis Cardinalis Sabini &amp; Patriarche Consta[n]tinopolitani capitula libri p[ri]mi aduersus calu[m]niatore[m] Plato[n]is incipiu[n]t feliciter.</subfield>
      <subfield code="d">[Rome] : [Konrad Sweynheim and Arnold Pannartz], [before 28 August 1469]</subfield>
      <subfield code="w">(OCoLC)1041436918</subfield>
    </datafield>
  </record>